000 00326nam a22001217a 4500
008 160429b xxu||||| |||| 00| 0 eng d
020 _a9780397551712
020 _a0397551711
041 _aeng
080 _a618.2
245 _aBasic nursing skills:
_cJanice R. Ellis; Elizabeth A. Nowlis; Patricia M. Bentaz;
942 _2udc
_cBK
999 _c1689
_d1689